[Event "GER-chT U20"]
[Site "Osnabrueck"]
[Date "2018.12.28"]
[Round "4.3"]
[White "Bosselmann, Tom Linus"]
[Black "Bach, Jannik"]
[Result "1/2-1/2"]
[WhiteElo "2057"]
[BlackElo "2034"]
[PlyCount "107"]
[EventDate "2018.12.27"]
[EventType "team-swiss"]
[EventRounds "7"]
[EventCountry "GER"]
[SourceTitle "CBM 188 Extra"]
[Source "ChessBase"]
[SourceDate "2019.02.26"]
[SourceVersion "1"]
[SourceVersionDate "2019.02.26"]
[SourceQuality "1"]
[WhiteTeam "Luebeck"]
[BlackTeam "Hagen"]
[WhiteTeamCountry "GER"]
[BlackTeamCountry "GER"]

1. e4 c6 2. Nc3 d5 3. Nf3 Bg4 4. h3 Bxf3 5. Qxf3 Nf6 6. exd5 cxd5 7. d4 Nc6 8. Be3 e6 9. g4 Bb4 10. Bd3 Rc8 11. g5 Nd7 12. 0-0 Be7 13. Qg4 Nb4 14. Rad1 Nxd3 15. Rxd3 Nb6 16. b3 Rc6 17. f4 g6 18. Bd2 Nc8 19. Re1 Nd6 20. Qf3 Nf5 21. Kh1 h5 22. Re2 Kf8 23. Be1 a6 24. Nd1 Qc7 25. c3 Bd6 26. Rf2 Kg7 27. Ne3 Nxe3 28. Rxe3 Rd8 29. h4 b5 30. b4 Rc4 31. a3 Qc6 32. Ra2 Ra8 33. Ree2 a5 34. Kg2 Qc7 35. Kg3 Qc6 36. Kg2 Qc7 37. Kg3 Ra7 38. Rf2 Ra6 39. Rfe2 Qc6 40. Kg2 Kg8 41. Rf2 Qa8 42. Rac2 axb4 43. axb4 Ra1 44. Qe3 Rc6 45. Rfe2 Rc8 46. Qd2 Qc6 47. Kf3 Rca8 48. Re3 Kg7 49. Rb2 Qc4 50. Re2 R8a3 51. Kf2 Qc7 52. Kf3 Qc4 53. Kf2 Qc7 54. Kf3 1/2-1/2

[Event "GER-chT U20"]
[Site "Osnabrueck"]
[Date "2018.12.28"]
[Round "3.3"]
[White "Triantafillidis, Simeon"]
[Black "Bach, Jannik"]
[Result "1/2-1/2"]
[WhiteElo "1955"]
[BlackElo "2034"]
[PlyCount "77"]
[EventDate "2018.12.27"]
[EventType "team-swiss"]
[EventRounds "7"]
[EventCountry "GER"]
[SourceTitle "CBM 188 Extra"]
[Source "ChessBase"]
[SourceDate "2019.02.26"]
[SourceVersion "1"]
[SourceVersionDate "2019.02.26"]
[SourceQuality "1"]
[WhiteTeam "Biberach"]
[BlackTeam "Hagen"]
[WhiteTeamCountry "GER"]
[BlackTeamCountry "GER"]

1. e4 c6 2. Nc3 d5 3. Nf3 Bg4 4. h3 Bh5 5. exd5 cxd5 6. g4 Bg6 7. Ne5 Nc6 8. d4 e6 9. h4 f6 10. h5 Bf7 11. Nxf7 Kxf7 12. Be3 Bb4 13. f4 Nge7 14. a3 Bd6 15. Qf3 Qd7 16. 0-0-0 Na5 17. Nb5 Nc4 18. Nxd6+ Qxd6 19. Bd2 Nxd2 20. Rxd2 Rab8 21. Bd3 b5 22. g5 b4 23. axb4 Qxb4 24. c3 Qa5 25. Re1 Rb6 26. Qg4 Rc8 27. g6+ hxg6 28. hxg6+ Ke8 29. Kd1 Kd7 30. f5 Rh8 31. fxe6+ Kc7 32. Qg3+ Kb7 33. Rc2 Qa4 34. Kd2 Rh5 35. c4 Qa5+ 36. Kd1 Qa1+ 37. Kd2 Qa5+ 38. Kd1 Qa1+ 39. Kd2 1/2-1/2

[Event "GER CupT V5"]
[Site "Juechen Priesterath"]
[Date "2015.01.10"]
[Round "1.3"]
[White "Esser, Norbert"]
[Black "Bach, Jannik"]
[Result "1/2-1/2"]
[WhiteElo "2165"]
[BlackElo "1864"]
[PlyCount "85"]
[EventDate "2015.01.10"]
[EventType "team-k.o."]
[EventRounds "2"]
[EventCountry "GER"]
[SourceTitle "EXT 2019"]
[Source "ChessBase"]
[SourceDate "2018.10.10"]
[SourceVersion "1"]
[SourceVersionDate "2018.10.10"]
[SourceQuality "1"]
[WhiteTeam "Hochneukirch"]
[BlackTeam "Lingen"]
[WhiteTeamCountry "GER"]
[BlackTeamCountry "GER"]

1. e4 c6 2. d4 d5 3. Nd2 dxe4 4. Nxe4 Bf5 5. Nc5 Qc7 6. Bd3 Bxd3 7. Nxd3 Nd7 8. Nf3 e6 9. Bf4 Bd6 10. Bxd6 Qxd6 11. 0-0 Ngf6 12. Qe2 0-0 13. Rfd1 Rfd8 14. Nde5 Rac8 15. Ng5 Rf8 16. c4 h6 17. Ngf3 Rfd8 18. Rd2 Qc7 19. Rad1 Nf8 20. h3 Rd6 21. g3 Rcd8 22. Kg2 c5 23. dxc5 Qxc5 24. Rxd6 Rxd6 25. Rxd6 Qxd6 26. Qd2 Qb6 27. Qd4 Qxd4 28. Nxd4 N8d7 29. Nd3 a6 30. b4 Kf8 31. Nb3 Ne8 32. a4 b6 33. c5 bxc5 34. Ndxc5 Nxc5 35. Nxc5 Nc7 36. Kf3 Ke7 37. Ke4 Kd6 38. Kd4 e5+ 39. Kc4 f5 40. Nb7+ Kc6 41. Nc5 Kd6 42. Nb7+ Kc6 43. Nc5 1/2-1/2

[Event "Niedersachsen-ch U16"]
[Site "Norderney"]
[Date "2014.04.14"]
[Round "5"]
[White "Bach, Jannik"]
[Black "Hammann, Jonas"]
[Result "1/2-1/2"]
[WhiteElo "1874"]
[BlackElo "1861"]
[PlyCount "64"]
[EventDate "2014.04.??"]
[EventType "swiss"]
[EventRounds "9"]
[EventCountry "GER"]
[SourceTitle "EXT 2017"]
[Source "ChessBase"]
[SourceDate "2016.10.25"]
[SourceVersion "1"]
[SourceVersionDate "2016.10.25"]
[SourceQuality "1"]

1. e4 c5 2. Nf3 Nc6 3. d4 cxd4 4. Nxd4 e5 5. Nb5 d6 6. N1c3 a6 7. Na3 b5 8. Nd5 Rb8 9. c4 b4 10. Nc2 Be7 11. g3 Nf6 12. Bg2 0-0 13. b3 Nd7 14. 0-0 Nc5 15. Bb2 a5 16. Nce3 a4 17. Kh1 Ra8 18. f4 axb3 19. axb3 Rxa1 20. Bxa1 f6 21. f5 Bb7 22. Bb2 Na5 23. Nxb4 Naxb3 24. Nbd5 Re8 25. Qc2 Bf8 26. Bc3 Bc6 27. Rb1 Ba4 28. Qe2 Nd4 29. Qg4 Nd3 30. Kg1 Kh8 31. h4 Nc5 32. Kh2 Bb3 1/2-1/2

[Event "GER-chT U16"]
[Site "Lingen"]
[Date "2013.12.29"]
[Round "6.3"]
[White "Bach, Jannik"]
[Black "Schumann, Steffen"]
[Result "0-1"]
[WhiteElo "1897"]
[BlackElo "1832"]
[PlyCount "120"]
[EventDate "2013.12.27"]
[EventType "team-swiss"]
[EventRounds "7"]
[EventCountry "GER"]
[SourceTitle "EXT 2015"]
[Source "ChessBase"]
[SourceDate "2014.11.20"]
[SourceVersion "1"]
[SourceVersionDate "2014.11.20"]
[SourceQuality "1"]
[WhiteTeam "Lingen"]
[BlackTeam "Wildeshausen"]
[WhiteTeamCountry "GER"]
[BlackTeamCountry "GER"]

1. e4 c5 2. Nf3 g6 3. d4 cxd4 4. Nxd4 Nc6 5. Nc3 Bg7 6. Be3 Nf6 7. Bc4 0-0 8. Bb3 d6 9. h3 Bd7 10. 0-0 Rc8 11. Re1 Qa5 12. Nf3 b5 13. Bg5 Be6 14. e5 dxe5 15. Bxe6 fxe6 16. Ne4 Rfd8 17. Qe2 Nd4 18. Nxd4 Rxd4 19. Nxf6+ exf6 20. Be3 Rd5 21. a3 Qc7 22. Rad1 a6 23. c3 Rcd8 24. Qc2 f5 25. f3 f4 26. Bf2 Qd6 27. Rc1 Rd2 28. Qb1 Bf8 29. Qe4 Bg7 30. Qb1 Qd3 31. Qa2 Qc4 32. Qxc4 bxc4 33. Re4 Rxb2 34. Rxc4 Rdd2 35. Rf1 Bf8 36. a4 Kf7 37. Rc7+ Kf6 38. h4 Bd6 39. Rc6 Kf5 40. Rc4 Ra2 41. a5 Rxa5 42. Rb1 Raa2 43. Rb7 Kf6 44. Bb6 a5 45. h5 Rxg2+ 46. Kf1 Be7 47. Bc5 Bxc5 48. Rxc5 Rac2 49. Rb1 Rgf2+ 50. Kg1 Rxf3 51. Rc7 Rg3+ 52. Kf1 Rh3 53. Ke1 Rxh5 54. Rbb7 Kf5 55. Rf7+ Ke4 56. c4 Rh3 57. c5 Rg3 58. Rb4+ Kf3 59. Rb1 e4 60. c6 Rxc6 0-1

[Event "GER-chT U16"]
[Site "Lingen"]
[Date "2013.12.27"]
[Round "2.3"]
[White "Bach, Jannik"]
[Black "Dittmann, Tobias"]
[Result "1-0"]
[WhiteElo "1897"]
[BlackElo "1674"]
[PlyCount "120"]
[EventDate "2013.12.27"]
[EventType "team-swiss"]
[EventRounds "7"]
[EventCountry "GER"]
[SourceTitle "EXT 2015"]
[Source "ChessBase"]
[SourceDate "2014.11.20"]
[SourceVersion "1"]
[SourceVersionDate "2014.11.20"]
[SourceQuality "1"]
[WhiteTeam "Lingen"]
[BlackTeam "Stade"]
[WhiteTeamCountry "GER"]
[BlackTeamCountry "GER"]

1. e4 e6 2. Qe2 Be7 3. Nf3 d5 4. d3 Nf6 5. e5 Nfd7 6. g3 c5 7. Bg2 Nc6 8. 0-0 0-0 9. Re1 Qc7 10. c4 d4 11. Bf4 b6 12. h4 Bb7 13. a3 a5 14. a4 Nb4 15. Na3 Bc6 16. Nb5 Qb7 17. Red1 Rad8 18. Ne1 Bxg2 19. Nxg2 h6 20. Rd2 Nc6 21. h5 Qb8 22. Re1 Kh8 23. Qe4 Nb4 24. Rdd1 Qa8 25. Kf1 Qxe4 26. Rxe4 Nc6 27. Ne1 Kh7 28. Nf3 Nb4 29. Ke2 Nc6 30. Kd2 Rc8 31. Rde1 g5 32. hxg6+ fxg6 33. Rh1 g5 34. Nxg5+ Bxg5 35. Bxg5 Ndxe5 36. Rxh6+ Kg7 37. Ke2 Rf5 38. Bd2 Rcf8 39. Rxe6 Rxf2+ 40. Kd1 Rf1+ 41. Kc2 Nb4+ 42. Bxb4 Nxd3 43. Re7+ Kg6 44. R4e6+ Kh5 45. Rh7+ Kg4 46. Kxd3 axb4 47. Rh2 R8f3+ 48. Kd2 Kxg3 49. Ree2 Rb3 50. Kc2 Rbf3 51. Kd2 Rb3 52. Rhg2+ Kf3 53. Kc2 Re3 54. Rxe3+ dxe3 55. Rg8 Rf2+ 56. Kc1 b3 57. Nc3 Rf1+ 58. Nd1 e2 59. Rf8+ Ke4 60. Re8+ Kd3 1-0

[Event "Niedersachsen-ch U16"]
[Site "Rotenburg"]
[Date "2013.03.27"]
[Round "7"]
[White "Bach, Jannik"]
[Black "Nuerenberg, Marius"]
[Result "1-0"]
[WhiteElo "1863"]
[BlackElo "1616"]
[PlyCount "63"]
[EventDate "2013.03.23"]
[EventType "swiss"]
[EventRounds "9"]
[EventCountry "GER"]
[SourceTitle "EXT 2015"]
[Source "ChessBase"]
[SourceDate "2014.11.20"]
[SourceVersion "1"]
[SourceVersionDate "2014.11.20"]
[SourceQuality "1"]

1. e4 e6 2. d3 d5 3. Nd2 Nf6 4. Ngf3 c5 5. g3 Nc6 6. Bg2 Be7 7. 0-0 0-0 8. Re1 d4 9. e5 Nd5 10. h4 b6 11. Ne4 Bb7 12. Bg5 Qc7 13. Qd2 Bxg5 14. hxg5 Nde7 15. Nf6+ Kh8 16. Ng4 Ng6 17. Qe2 Rad8 18. Nd2 Nce7 19. f4 Nf5 20. Bxb7 Qxb7 21. Qh2 Nge7 22. Kf2 Ng8 23. Rh1 h6 24. gxh6 Ngxh6 25. Ne4 Qa6 26. Nxh6 Nxh6 27. Nf6 Qa5 28. Ke2 c4 29. Qxh6+ gxh6 30. Rxh6+ Kg7 31. Rh7+ Kg6 32. Rah1 1-0

[Event "Niedersachsen-ch U16"]
[Site "Rotenburg"]
[Date "2013.03.23"]
[Round "1"]
[White "Bach, Jannik"]
[Black "Eschholz, Dario"]
[Result "1-0"]
[WhiteElo "1863"]
[BlackElo "1579"]
[PlyCount "45"]
[EventDate "2013.03.23"]
[EventType "swiss"]
[EventRounds "9"]
[EventCountry "GER"]
[SourceTitle "EXT 2015"]
[Source "ChessBase"]
[SourceDate "2014.11.20"]
[SourceVersion "1"]
[SourceVersionDate "2014.11.20"]
[SourceQuality "1"]

1. e4 c5 2. Nf3 Nc6 3. d4 cxd4 4. Nxd4 g6 5. Nc3 Bg7 6. Be3 Nf6 7. Bc4 Qa5 8. 0-0 Qb4 9. Bb3 Nxe4 10. Nxc6 bxc6 11. Nxe4 Qxe4 12. Re1 Qb4 13. c3 Qb5 14. Bd4 Bxd4 15. Qxd4 f6 16. Qxf6 e6 17. Qxh8+ Ke7 18. Qxh7+ Kf6 19. Re3 Qg5 20. Rf3+ Ke5 21. Rd1 Ba6 22. Qg7+ Ke4 23. Rd4# 1-0

[Event "GER-chT U16"]
[Site "Naumburg"]
[Date "2012.12.30"]
[Round "7"]
[White "Bach, Jannik"]
[Black "Bay, Nicolai"]
[Result "0-1"]
[WhiteElo "1964"]
[BlackElo "1688"]
[PlyCount "152"]
[EventDate "2012.12.27"]
[EventType "team-swiss"]
[EventRounds "7"]
[EventCountry "GER"]
[SourceTitle "EXT 2014"]
[Source "ChessBase"]
[SourceDate "2013.11.20"]
[SourceVersion "1"]
[SourceVersionDate "2013.11.20"]
[SourceQuality "1"]
[WhiteTeam "Lingen"]
[BlackTeam "Eppingen"]
[WhiteTeamCountry "GER"]
[BlackTeamCountry "GER"]

1. e4 c5 2. Nf3 d6 3. d4 cxd4 4. Nxd4 Nf6 5. Nc3 a6 6. h3 e5 7. Nde2 h5 8. Bg5 Be7 9. g3 Nbd7 10. Bg2 Qc7 11. 0-0 b5 12. Qd2 Bb7 13. a3 Rc8 14. Rac1 Qc4 15. Bxf6 Nxf6 16. b3 Qc5 17. a4 0-0 18. Rfd1 Nh7 19. h4 Nf6 20. axb5 axb5 21. Qd3 b4 22. Nd5 Bxd5 23. exd5 Ng4 24. Rf1 f5 25. c3 e4 26. Qd4 Qxd4 27. cxd4 g5 28. hxg5 Bxg5 29. Nf4 Bxf4 30. gxf4 Rc3 31. Rxc3 bxc3 32. Rc1 Rc8 33. Bf1 e3 34. f3 Nf2 35. Bc4 Nh3+ 36. Kf1 Nxf4 37. Rxc3 e2+ 38. Kf2 Re8 39. Rc1 Nh3+ 40. Ke1 Nf4 41. Kf2 Nh3+ 42. Ke1 h4 43. Bd3 Nf4 44. Bxf5 Ng2+ 45. Kf2 e1Q+ 46. Rxe1 Nxe1 47. Be6+ Kg7 48. Kxe1 Rb8 49. Kf2 Kg6 50. f4 Rxb3 51. Kg2 Rg3+ 52. Kf2 Kf6 53. Bc8 Rd3 54. Be6 Rxd4 55. Kf3 Rd3+ 56. Ke2 Rg3 57. Kf2 Rg7 58. Kf3 Ke7 59. Kf2 Rg3 60. Bf5 Kd8 61. Be6 Kc7 62. f5 Kd8 63. f6 Rg6 64. f7 Ke7 65. Kf3 Rh6 66. Kg2 Rxe6 67. dxe6 d5 68. Kh3 d4 69. Kxh4 d3 70. Kg5 d2 71. Kg6 d1Q 72. Kg7 Qg4+ 73. Kh7 Qg5 74. Kh8 Kf8 75. e7+ Kxe7 76. f8Q+ Kxf8 0-1

[Event "GER-chT U16"]
[Site "Naumburg"]
[Date "2012.12.29"]
[Round "5"]
[White "Ehmann, Thilo"]
[Black "Bach, Jannik"]
[Result "0-1"]
[WhiteElo "1918"]
[BlackElo "1964"]
[PlyCount "68"]
[EventDate "2012.12.27"]
[EventType "team-swiss"]
[EventRounds "7"]
[EventCountry "GER"]
[SourceTitle "EXT 2014"]
[Source "ChessBase"]
[SourceDate "2013.11.20"]
[SourceVersion "1"]
[SourceVersionDate "2013.11.20"]
[SourceQuality "1"]
[WhiteTeam "Sasbach"]
[BlackTeam "Lingen"]
[WhiteTeamCountry "GER"]
[BlackTeamCountry "GER"]

1. e4 c6 2. d4 d5 3. f3 Qb6 4. Nc3 e6 5. a3 Nf6 6. Bf4 Be7 7. e5 Nfd7 8. b4 Qd8 9. g4 b6 10. Nce2 Ba6 11. Bg3 c5 12. c3 Qc8 13. Rc1 Bc4 14. bxc5 bxc5 15. Ra1 Qa6 16. a4 Nc6 17. Nh3 Rb8 18. Nc1 cxd4 19. cxd4 Bb4+ 20. Kf2 Bc3 21. Ne2 Bxa1 22. Qxa1 Rb4 23. Qc1 Qxa4 24. Qg5 g6 25. Qh6 Rb2 26. Qg7 Rf8 27. Ng5 Nxd4 28. Bh4 Bxe2 29. Bxe2 Rxe2+ 30. Kg3 Qc2 31. Kh3 Qc3 32. Kg3 Rb2 33. Kh3 Nxf3 34. Nxe6 Ng5# 0-1

[Event "GER-chT U16"]
[Site "Naumburg"]
[Date "2012.12.29"]
[Round "6"]
[White "Padva, Leo"]
[Black "Bach, Jannik"]
[Result "0-1"]
[WhiteElo "1750"]
[BlackElo "1964"]
[PlyCount "142"]
[EventDate "2012.12.27"]
[EventType "team-swiss"]
[EventRounds "7"]
[EventCountry "GER"]
[SourceTitle "EXT 2014"]
[Source "ChessBase"]
[SourceDate "2013.11.20"]
[SourceVersion "1"]
[SourceVersionDate "2013.11.20"]
[SourceQuality "1"]
[WhiteTeam "Porz SG"]
[BlackTeam "Lingen"]
[WhiteTeamCountry "GER"]
[BlackTeamCountry "GER"]

1. d4 Nf6 2. c4 e6 3. Nc3 Bb4 4. a3 Bxc3+ 5. bxc3 b6 6. Nf3 Bb7 7. e3 0-0 8. Bd3 Ne4 9. 0-0 d6 10. Qc2 f5 11. Nd2 Nxd2 12. Bxd2 Qf6 13. f3 e5 14. Rae1 Nd7 15. Kh1 Kh8 16. e4 f4 17. Rb1 a5 18. d5 Nc5 19. Be2 Rae8 20. Be1 Bc8 21. Bf2 Bd7 22. Bxc5 dxc5 23. Rfd1 Qd6 24. Rd2 Rf6 25. Bf1 Rd8 26. Rb2 Rh6 27. Rf2 Be8 28. Qd2 Qf6 29. h3 Rd6 30. Re2 Rg6 31. Qe1 Rg3 32. Qf2 Kg8 33. Ra2 Bd7 34. Rab2 Qh4 35. Qg1 Qh6 36. Rbc2 Bxh3 37. Qh2 Bc8 38. Qxh6 Rxh6+ 39. Kg1 Ba6 40. Red2 Rd6 41. Kf2 Kf7 42. Rd1 Ke7 43. Rb2 Rdg6 44. Rbb1 Kd6 45. Rb2 Bxc4 46. Kg1 Bxf1 47. Rxf1 c4 48. Rff2 Rh6 49. Ra2 g5 50. Rf1 g4 51. Raf2 gxf3 52. Rxf3 Rhg6 53. R1f2 Rxf3 54. Rxf3 Rg3 55. Kf2 Rxf3+ 56. Kxf3 b5 57. Ke2 c6 58. dxc6 Kxc6 59. Kd2 Kc5 60. Kc2 b4 61. a4 bxc3 62. Kxc3 h5 63. Kd2 Kd4 64. g4 fxg3 65. Ke2 c3 66. Kd1 g2 67. Ke2 g1Q 68. Kf3 Qg4+ 69. Kf2 c2 70. Ke1 Ke3 71. Kf1 c1R# 0-1

[Event "GER-ch Net final U14"]
[Site "Playchess.com INT"]
[Date "2012.09.15"]
[Round "6"]
[White "Bach, Jannik"]
[Black "Becker, Dirk"]
[Result "1-0"]
[WhiteElo "1793"]
[BlackElo "1744"]
[PlyCount "103"]
[EventDate "2012.09.15"]
[EventType "swiss (blitz)"]
[EventRounds "9"]
[EventCountry "GER"]
[SourceTitle "CBM 150 Extra"]
[Source "ChessBase"]
[SourceDate "2012.10.19"]
[SourceVersion "1"]
[SourceVersionDate "2012.10.19"]
[SourceQuality "1"]

1. e4 d5 2. exd5 Qxd5 3. Nc3 Qd6 4. Bc4 Nf6 5. d3 c6 6. Nge2 g6 7. Bf4 e5 8. Bg3 Bg7 9. d4 Nfd7 10. dxe5 Qxd1+ 11. Rxd1 Nxe5 12. Bb3 0-0 13. 0-0 Bf5 14. Nd4 Bg4 15. f3 Bc8 16. Rfe1 Nbd7 17. Ne4 a5 18. a4 h5 19. h4 Kh7 20. Ng5+ Kg8 21. c3 c5 22. Nb5 c4 23. Bc2 b6 24. Nd6 Ba6 25. Be4 Rad8 26. Bd5 Bf6 27. Nge4 Bg7 28. f4 Nd3 29. Re2 Nf6 30. Nxf6+ Bxf6 31. Bxc4 Bxc4 32. Nxc4 Nxf4 33. Red2 Ne2+ 34. Kh2 Nxg3 35. Kxg3 Rc8 36. Nxb6 Rb8 37. Nd5 Be5+ 38. Kf3 f5 39. g3 g5 40. hxg5 h4 41. gxh4 Rbd8 42. h5 Kg7 43. h6+ Kg6 44. Ne7+ Kxg5 45. Rxd8 Rxd8 46. Rxd8 Kf6 47. Nd5+ Ke6 48. Ne3 f4 49. h7 fxe3 50. h8Q e2 51. Re8+ Kd6 52. Qxe5+ 1-0

[Event "GER-ch Net final U14"]
[Site "Playchess.com INT"]
[Date "2012.09.15"]
[Round "2"]
[White "Bach, Jannik"]
[Black "Donchenko, Alexander"]
[Result "0-1"]
[WhiteElo "1793"]
[BlackElo "2306"]
[PlyCount "84"]
[EventDate "2012.09.15"]
[EventType "swiss (blitz)"]
[EventRounds "9"]
[EventCountry "GER"]
[SourceTitle "CBM 150 Extra"]
[Source "ChessBase"]
[SourceDate "2012.10.19"]
[SourceVersion "1"]
[SourceVersionDate "2012.10.19"]
[SourceQuality "1"]

1. e4 d6 2. d4 Nf6 3. Nc3 g6 4. Nf3 Bg7 5. a4 c6 6. a5 0-0 7. Be2 Nbd7 8. 0-0 e5 9. dxe5 dxe5 10. h3 Re8 11. Be3 Qc7 12. Qc1 Nh5 13. Rd1 Nf4 14. Bf1 Ne6 15. b4 Nf6 16. g3 Bf8 17. Qb2 Bd7 18. Nd2 Nd4 19. Nc4 Nb5 20. Na4 Nxe4 21. Bg2 Ned6 22. Nxe5 Bg7 23. f4 Nc4 24. Qb3 Nxe5 25. fxe5 Be6 26. Qd3 Qxe5 27. Bf4 Qd4+ 28. Qxd4 Bxd4+ 29. Kh2 Bxa1 30. Rxa1 Bd5 31. Nc5 Bxg2 32. Kxg2 b6 33. axb6 axb6 34. Rxa8 Rxa8 35. Nd7 Ra2 36. Nxb6 Rxc2+ 37. Kf3 Nd4+ 38. Ke4 Ne6 39. Be5 Re2+ 40. Kd3 Rxe5 41. Nd7 Rd5+ 42. Kc4 Rxd7 0-1

[Event "GER-ch Net final U14"]
[Site "Playchess.com INT"]
[Date "2012.09.15"]
[Round "7"]
[White "Hirschmann, Jakob"]
[Black "Bach, Jannik"]
[Result "0-1"]
[WhiteElo "1799"]
[BlackElo "1793"]
[PlyCount "60"]
[EventDate "2012.09.15"]
[EventType "swiss (blitz)"]
[EventRounds "9"]
[EventCountry "GER"]
[SourceTitle "CBM 150 Extra"]
[Source "ChessBase"]
[SourceDate "2012.10.19"]
[SourceVersion "1"]
[SourceVersionDate "2012.10.19"]
[SourceQuality "1"]

1. e4 c6 2. c4 d5 3. cxd5 cxd5 4. exd5 Nf6 5. Nc3 g6 6. Qa4+ Nbd7 7. Bb5 Bg7 8. Nf3 0-0 9. 0-0 a6 10. Be2 b5 11. Qc2 Bb7 12. d6 exd6 13. d4 Nb6 14. Bg5 h6 15. Bh4 Qd7 16. Rad1 Nbd5 17. Nxd5 Bxd5 18. b3 Rac8 19. Qd2 Ne4 20. Qa5 Nc3 21. Rd2 Rfe8 22. Bd3 Qc6 23. Ne1 Bxd4 24. Bxg6 Ne2+ 25. Rxe2 Rxe2 26. Bh5 Bc3 27. Qa3 Rxe1 28. f3 Qc5+ 29. Qxc5 Rxf1+ 30. Kxf1 dxc5 0-1

[Event "GER-ch Net final U14"]
[Site "Playchess.com INT"]
[Date "2012.09.15"]
[Round "8"]
[White "Martin, Julian"]
[Black "Bach, Jannik"]
[Result "1-0"]
[WhiteElo "1703"]
[BlackElo "1793"]
[PlyCount "125"]
[EventDate "2012.09.15"]
[EventType "swiss (blitz)"]
[EventRounds "9"]
[EventCountry "GER"]
[SourceTitle "CBM 150 Extra"]
[Source "ChessBase"]
[SourceDate "2012.10.19"]
[SourceVersion "1"]
[SourceVersionDate "2012.10.19"]
[SourceQuality "1"]

1. e4 c6 2. c4 d5 3. exd5 cxd5 4. cxd5 Nf6 5. Nc3 g6 6. Bb5+ Nbd7 7. d4 Bg7 8. d6 exd6 9. Qe2+ Qe7 10. Bf4 Qxe2+ 11. Ngxe2 d5 12. 0-0 0-0 13. Bg5 Nb6 14. Nf4 a6 15. Bd3 Bd7 16. Rfe1 Rfe8 17. Rad1 h6 18. Bxf6 Rxe1+ 19. Rxe1 Bxf6 20. Nfxd5 Nxd5 21. Nxd5 Bxd4 22. b3 Re8 23. Kf1 Rxe1+ 24. Kxe1 Bc6 25. Ne7+ Kg7 26. Nxc6 bxc6 27. Bxa6 Kf6 28. Bc4 Ke7 29. Ke2 f5 30. f3 Bg1 31. h3 g5 32. Kd3 Kd6 33. b4 Bb6 34. a4 c5 35. a5 Bc7 36. a6 Bb6 37. b5 Ke5 38. Ke3 Ba7 39. Kd3 Kf4 40. Bf7 Kg3 41. Kc4 Kxg2 42. Kd5 c4 43. Kc6 c3 44. Bb3 g4 45. hxg4 f4 46. b6 Bb8 47. a7 Bxa7 48. bxa7 Kxf3 49. a8Q Kxg4 50. Qg8+ Kf3 51. Qg1 Ke2 52. Bc4+ Kf3 53. Qf1+ Kg3 54. Be2 h5 55. Bxh5 Kh4 56. Qxf4+ Kxh5 57. Qc1 Kh4 58. Qxc3 Kh5 59. Qg3 Kh6 60. Kd6 Kh7 61. Ke6 Kh8 62. Kf6 Kh7 63. Qg7# 1-0

[Event "GER-ch Net final U14"]
[Site "Playchess.com INT"]
[Date "2012.09.15"]
[Round "5"]
[White "Perschke, Thore"]
[Black "Bach, Jannik"]
[Result "1/2-1/2"]
[WhiteElo "1832"]
[BlackElo "1793"]
[PlyCount "100"]
[EventDate "2012.09.15"]
[EventType "swiss (blitz)"]
[EventRounds "9"]
[EventCountry "GER"]
[SourceTitle "CBM 150 Extra"]
[Source "ChessBase"]
[SourceDate "2012.10.19"]
[SourceVersion "1"]
[SourceVersionDate "2012.10.19"]
[SourceQuality "1"]

1. e4 c6 2. d4 d5 3. Nc3 dxe4 4. Nxe4 Bf5 5. Ng3 Bg6 6. h4 h6 7. h5 Bh7 8. Nf3 Nd7 9. Bd3 Bxd3 10. Qxd3 e6 11. Bf4 Qa5+ 12. Bd2 Bb4 13. a3 Bxd2+ 14. Qxd2 Qxd2+ 15. Kxd2 Ngf6 16. c4 Rd8 17. Ke3 0-0 18. Rh4 c5 19. Rd1 Nb6 20. b3 cxd4+ 21. Rhxd4 Rxd4 22. Rxd4 Rc8 23. Nd2 Kf8 24. f3 a5 25. Nge4 Nxh5 26. g4 Nf6 27. Nxf6 gxf6 28. Ne4 Ke7 29. Rd6 Rc6 30. Rxc6 bxc6 31. Kd4 Nd7 32. b4 axb4 33. axb4 e5+ 34. Kd3 f5 35. gxf5 h5 36. b5 cxb5 37. cxb5 h4 38. Ke3 Nb6 39. f4 Nd5+ 40. Kf3 exf4 41. Kg4 Kd7 42. Kxh4 Kc7 43. Kg4 Kb6 44. Nd6 f6 45. Kf3 Kc5 46. Ne4+ Kxb5 47. Nxf6 Nxf6 48. Kxf4 Kc6 49. Ke5 Nh5 50. Ke6 Kc7 1/2-1/2

[Event "GER-ch Net final U14"]
[Site "Playchess.com INT"]
[Date "2012.09.15"]
[Round "1"]
[White "Wichmann, Adrian"]
[Black "Bach, Jannik"]
[Result "0-1"]
[WhiteElo "1491"]
[BlackElo "1793"]
[PlyCount "58"]
[EventDate "2012.09.15"]
[EventType "swiss (blitz)"]
[EventRounds "9"]
[EventCountry "GER"]
[SourceTitle "CBM 150 Extra"]
[Source "ChessBase"]
[SourceDate "2012.10.19"]
[SourceVersion "1"]
[SourceVersionDate "2012.10.19"]
[SourceQuality "1"]

1. e4 c6 2. d4 d5 3. e5 Bf5 4. Bd3 Bxd3 5. Qxd3 e6 6. Nf3 c5 7. c3 Nc6 8. Be3 Qb6 9. b3 Rc8 10. Nbd2 cxd4 11. Bxd4 Bc5 12. 0-0 Bxd4 13. cxd4 Nge7 14. Rac1 h5 15. Rfd1 Nf5 16. Nf1 0-0 17. Ne3 Nce7 18. Rxc8 Rxc8 19. h3 h4 20. Nxf5 Nxf5 21. g4 hxg3 22. fxg3 Nxg3 23. Nh4 Ne4 24. Rf1 Rc3 25. Qd1 Rxh3 26. Nf3 Rg3+ 27. Kh2 Qa5 28. Qe2 Qd8 29. Nd2 Qh4# 0-1

[Event "GER-ch Net qual4 U14"]
[Site "Playchess.com INT"]
[Date "2012.09.12"]
[Round "6"]
[White "Haeusler, Yannick"]
[Black "Bach, Jannik"]
[Result "0-1"]
[WhiteElo "1625"]
[BlackElo "1717"]
[PlyCount "172"]
[EventDate "2012.09.12"]
[EventType "swiss (blitz)"]
[EventRounds "7"]
[EventCountry "GER"]
[SourceTitle "CBM 150 Extra"]
[Source "ChessBase"]
[SourceDate "2012.10.19"]
[SourceVersion "1"]
[SourceVersionDate "2012.10.19"]
[SourceQuality "1"]

1. e4 c6 2. d4 d5 3. Nc3 dxe4 4. Nxe4 Bf5 5. Ng3 Bg6 6. Bc4 e6 7. N1e2 Nf6 8. 0-0 Bd6 9. Re1 0-0 10. Nf4 Qc7 11. Nxg6 hxg6 12. c3 Nbd7 13. Qf3 c5 14. dxc5 Nxc5 15. Be3 a6 16. Bf1 b5 17. Bd4 Ncd7 18. Rac1 Rac8 19. c4 bxc4 20. Bxc4 Qa5 21. Bc3 Bb4 22. Bxb4 Qxb4 23. b3 a5 24. Ne4 Nxe4 25. Qxe4 Nf6 26. Qe3 Rfd8 27. Rcd1 a4 28. Qe2 axb3 29. axb3 Qb6 30. Rxd8+ Rxd8 31. h3 Qb4 32. Rd1 Rxd1+ 33. Qxd1 Ne4 34. Qe2 Nf6 35. g3 Qc3 36. Qd3 Qb4 37. Qf1 Kh7 38. Qd3 Kg8 39. Qf1 Ne4 40. Qd3 Nc5 41. Qc2 Qe1+ 42. Kg2 Qb4 43. Kf1 Qa3 44. Kg2 Qb4 45. Qd1 Ne4 46. Qe2 Nc3 47. Qd3 Na2 48. Qd8+ Kh7 49. Qd3 Qc3 50. Qxc3 Nxc3 51. b4 Na4 52. b5 Nb6 53. Be2 g5 54. Kf3 Kg6 55. Ke4 Kf6 56. Kd4 Ke7 57. Kc5 Na4+ 58. Kc6 Kd8 59. b6 Kc8 60. Kb5 Nc3+ 61. Kc6 Nxe2 62. b7+ Kb8 63. Kb6 Nd4 64. Kc5 Nf5 65. Kc6 e5 66. Kd5 f6 67. Ke6 Nd4+ 68. Kf7 Ne2 69. Kxg7 Ng1 70. Kxf6 Nxh3 71. Kxe5 Nxf2 72. Kf5 g4 73. Kf4 Kxb7 74. Ke3 Nh3 75. Ke4 Kc6 76. Kf5 Nf2 77. Kf4 Kd5 78. Ke3 Nh3 79. Ke2 Ke4 80. Kd2 Kf3 81. Kd3 Kxg3 82. Ke3 Kh2 83. Ke4 g3 84. Ke3 g2 85. Ke2 g1Q 86. Kd3 Qe1 0-1